000 01331nam a2200409 c 4500
001 18856
003 ES-MaCES
005 20250121040010.0
008 060516s2005 sp d t o000 | spa d
017 _aM 45447-2005
_bDL
020 _a8477999902
024 7 _a207-05-036-2
_2nipo
035 _aCES20060005993m
040 _aES-MaCES
_bspa
_cES-MaCES
100 1 _aGarcía de León Álvarez, María Antonia
_912849
245 1 3 _aLa excelencia científica
_b: (hombres y mujeres en las Reales Academias)
_cMaría Antonia García de León Álvarez
260 _aMadrid
_bInstituto de la Mujer
_c2005
300 _a295 p.
_bgráf. bl. y n.
_c24 cm
490 1 _aEstudios
_v88
504 _aBibliografía
541 _cGratuito
650 4 _amujeres
_928657
650 4 _ahombres
_928655
650 4 _aciencia
_928831
650 4 _aintelectual
_927292
650 4 _atrabajador altamente calificado
_929249
650 4 _aélite
_927291
650 4 _apotenciación de las mujeres
_930610
650 4 _aparticipación política
_927242
650 4 _aEspaña
_926964
653 1 0 _aMujer
710 2 _aInstituto de la Mujer (España)
_eed.
_94190
830 0 _aEstudios (Instituto de la Mujer (España))
_v87
_932074
902 _aLIB Libro
942 _2CES
_cBK
_h3.3.
999 _c18856
_d18856